000 00538nam a2200181Ia 4500
008 100921s9999 xx 000 0 und d
082 _b10054
_a891.463 थ 72
100 _aकर्णिक मधु मंगेश.
245 _aकेवडा.
260 _bश्रीराम प्रकाशन, मुंबई.
_c1972
300 _a174
_b---
365 _b10
520 _aललित-कथा.
630 _aकेवडा.
650 _aललित-कथा.
730 _aकेवडा.
942 _cBOOK
999 _c759167
_d759164